LEADER 00938nam a2200217 i 4500 001 000000144861 003 CaOOAMICUS 005 20220428160548.0 008 051110n it u000 u ita u 013 $a120226 040 $aSeMil$bita 100 1 $aWells, Herbert George,$d<1866-1946>.$0(OLS)http://semarc/name/93227 245 13$aLa macchina del tempo e le altre avventure di fantascienza. 300 $aXXIII, 608 p. ;$c20 cm 541 0 $aFondo Ciprandi (1W I 182) 773 0 $aWells, Herbert George <1866-1946>$tOpere narrative di H. G. Wells.$dMilano : Mursia, 1981.$kGrandi scrittori di ogni paese. Serie inglese$gVolume2$w()14670 850 $aSeMil 852 $aSeMil$W1$xVenegono$y1$m1W I 182$j97695$B97695$CSeMilBibl$Z2$F105558 $81 961 $aOmaggio: Ciprandi dott. Paolo 996 $6245$aLa macchina del tempo e le altre avventure di fantascienza$9(OLS)http://semarc/title/211835 LEADER 01208nam a2200241 4500 001 000000335790 003 CaOOAMICUS 005 20190805113014.0 008 190805s1731 it 000 u ita r 026 $aert- I.l- 3.t- IPfr (3) 1731 (R) 040 $aSeMil$bita 245 00$aParte 1. 264 1$aIn Venezia :$bPer Stefano Orlandini, a spese dell'autore,$c1731. 300 $a[8], 306, [2] p., XIII c. di tav. ripieg. :$bill. ;$c8° 500 $aStemma calcogr. del dedicatario, Giacopo Soranzo, e iniziale calcogr. a c. A2r 500 $aSegn.: A4 A-2O4 2P6 700 11$aCrivelli, Giovanni Francesco.$0(OLS)http://semarc/name/110046 773 0 $aCrivelli, Giovanni Francesco$tElementi di fisica esposti da Giovanni Crivelli chierico regolare somasco. E dedicati a S. E. il signor Giacopo Soranzo. Parte 1. [-2.].$dIn Venezia : Per Stefano Orlandini, a spese dell'autore, 1731-1732.$w()335789 850 $aSeMil 852 $aSeMil$W1$xVenegono$y1$m3W V 125 FA$j215110$B227661$CSeMilBibl$Z2$F227661 $8I 996 $6245$aParte 1$9(OLS)http://semarc/title/49080 996 $6264$aIn Venezia :$bPer Stefano Orlandini, a spese dell'autore$9(OLS)http://semarc/publisher/58432